000 00263nam a22001217a 4500
008 170412b xxu||||| |||| 00| 0 eng d
041 _aeng
080 _a612.39
100 _a10
101 _aSHM
245 _aA GUIDE TO GOOD COOKING
_cWARE, W
942 _2udc
_cBK
999 _c10467
_d10467